Tramas productivas en viejos sectores (Registro nro. 16575)
[ vista simple ]
| 000 -LEADER | |
|---|---|
| fixed length control field | 00400 a2200133 4500 |
| 001 - CONTROL NUMBER | |
| control field | ART_3639 |
| 005 - DATE AND TIME OF LATEST TRANSACTION | |
| control field | 20260410161717.0 |
| 008 - FIXED-LENGTH DATA ELEMENTS--GENERAL INFORMATION | |
| fixed length control field | 260409a |
| 100 1# - MAIN ENTRY--PERSONAL NAME | |
| Personal name | Albornoz Crespo, Facundo |
| 245 10 - TITLE STATEMENT | |
| Title | Tramas productivas en viejos sectores |
| 700 1# - ADDED ENTRY--PERSONAL NAME | |
| Personal name | Milesi, Darío |
| 700 1# - ADDED ENTRY--PERSONAL NAME | |
| Personal name | Yoguel, Gabriel |
| 773 0# - HOST ITEM ENTRY | |
| Title | Desarrollo económico |
| Related parts | - Vol. 43, Nº 172 (ene./mar. 2004) |
| Record control number | REV1174 |
No hay ítems disponibles.